Statistiques concernant Quiz voiture: Supercars/Hypercars #5

Cliquez ici pour prendre le quiz!

Statistiques générales

  • Ce quiz a été pris 292 fois
  • Le résultat moyen est 9 sur 16

Statistiques - réponses

Réponse% Correct
BMW M3
92%
BMW M4
86%
BMW M5
81%
Audi RS6
79%
Audi RS7
79%
Porsche 918
74%
Lamborghini Veneno
70%
Mercedes C63 AMG
65%
Maserati Granturismo
57%
Ferrari FF
56%
Ferrari F8 Tributo
54%
Ferrari FXXK
54%
Spania GTA Spano
25%
SSC Tuatara
23%
Zenvo ST1
20%
Volkswagen W12
13%

Distribution des résultats

Percentile par nombre de réponses

% des personnes avec chaque résultat

Votre développement - résultats

Vous n’avez pas pris ce quiz